000
00369nam a2200157 a 4500
005
20140414093841.0
008
071009s19uu xx uuu eng d
050
_a
VCD 520
_b
GAL
245
_a
Galileo's dialougue.
260
_a
Sl :
_b
Discovery.
300
_a
1 video disk
650
_a
Galileo.
650
_a
Film (adaptation)
942
_c
AVM
999
_c
109288
_d
109288